Дело об обвинении бывшим студентом Педагогического института И. Александровским священика Б. Вигилянского в присвоении им авторс...

RUSMARC
00006323cbc2a2200000#x 450
00112df9a6e-f39c-4e5c-a172-87796e5ddcff
00520181030145124.0
100##$a20151210l18111811k l0rusy0189 ca
1010#$arus
102##$aRU
2001#$aДело об обвинении бывшим студентом Педагогического института И. Александровским священика Б. Вигилянского в присвоении им авторства "Похвальной речи князю Пожарскому"
$j17 августа - 25 ноября 1811 г.
251##$cДело
300##$aРукописный текст. Чернила
300##$aОригинальный заголовок дела: Дело по отношению Министра просвещения о перепечатании священиком Б. Вигилянским похвальной речи князю Пожарскому, сочиненной прежде бывшим студентом Педагогического института господином Александровским. 17 августа - 25 ноября 1811 г.
801#0$aRU
$bРГИА
$c20151210
801#1$aRU
$bГлавНИВЦ
$c20151210
$2rusmarc
801#2$aRU
$bПБ им. Б.Н. Ельцина
$c20171114
$gRCR
$2rusmarc
850##$aФедеральное казенное учреждение "Российский государственный исторический архив" (РГИА)
852##$aРГИА
$j197
937##$hРГИА
$d12186830
$aASBIBLIO_SCAN
462#0$1001a72b6b5a-b506-4d67-873a-f622b4f5e56d
$12001
$aДела Департамента народного просвещения по цензурной части
$vД. 197
$1251
$cОпись
$1852
$j118
461#0$1001a74412a3-3cc5-4d21-8f0a-dfe2fbd9e72d
$12001
$aДепартамент народного просвещения Министерства народного просвещения
$1251
$cФонд
$1852
$j733
215##$a19 листов
$d36,5х26 см
371##$aДокумент не является опубликованным и широко распространяемым
105##$ay###
1222#$ad18110817##
$ad18111125##
5171#$aДело по отношению Министра просвещения о перепечатании священиком Б. Вигилянским похвальной речи князю Пожарскому, сочиненной прежде бывшим студентом Педагогического института господином Александровским
$e17 августа - 25 ноября 1811 г.
035##$a12df9a6e-f39c-4e5c-a172-87796e5ddcff
856##$uhttp://readingroom.main.prlib.ru/item.aspx?id_node=n109009067&mode=full
600#1$2nlr_sh
$3RU\NLR\AUTH\66813677
$aПожарский
$bД.М.
$f1578 - 1642
$gДмитрий Михайлович
$jДокументы и материалы
605##$2acquisition_Prlib
$3DITM\AF\0000004166
$aРоссия в лицах
$lколлекция
605##$aК. Минин и Д. Пожарский
$lколлекция
$2acquisition_Prlib
$3LIBNET\UAF\0000078316
605##$aНарод
$lколлекция
$2acquisition_Prlib
$3DITM\AF\0000003834
605##$aВласть
$lколлекция
$2acquisition_Prlib
$3DITM\AF\0000002775
6061#$2nlr_sh
$3RU\NLR\AUTH\661436473
$aАвторское право
$jДокументы и материалы
$yРоссия
686##$2rubbk
$a63.3(2)52ю1
$vLBC/M
686##$a67.03(2)52ю1
$vLBC/M
$2rubbk
Формат отображения